№ 4; Национальные стандарты

Detalles Bibliográficos
Parent link:Национальные стандарты: Информационный указатель/ Федеральное агентство по техническому регулированию и метрологии. № 4.— , 2004-
Idioma:ruso
Publicado: 2010
Formato: Libro
KOHA link:https://koha.lib.tpu.ru/cgi-bin/koha/opac-detail.pl?biblionumber=424288

MARC

LEADER 00000nam2a2200000 4500
001 424288
005 20250304120117.0
035 |a (RuTPU)RU\TPU\prd\82572 
090 |a 424288 
100 |a 20100519a19409999k y0rusy50 ca 
101 0 |a rus 
102 |a RU 
200 0 |a № 4 
210 |d 2010 
461 1 |0 (RuTPU)RU\TPU\prd\23792  |t Национальные стандарты  |o Информационный указатель  |f Федеральное агентство по техническому регулированию и метрологии  |v № 4  |d 2004- 
801 0 |a RU  |b 63413507  |c 20010227  |g PSBO 
801 1 |a RU  |b 63413507  |c 20100519 
801 2 |a RU  |b 63413507  |c 20191126  |g RCR 
942 |c CR